Formula One Grands Prix by Country - Statistics

General Stats
  • This quiz has been taken 41 times
  • The average score is 102 of 158
Answer Stats
Amount Held Overall Years Answer % Correct
105 1950 - 2023 Italy
100%
Autodromo Nazionale di Monza
96%
68 1950 - 2023 (except '54, '57, '59, '69, '71, '03, '06) Belgium
96%
Circuit de Monaco
96%
Circuit de Spa-Francorchamps
96%
69 1950, 1955 - 2023 (except '20) Monaco
96%
74 1950 - 2023 (except '85 - '88, '92 - '99) United States
96%
United States West
96%
49 1973 - 2023 (except '20) Brazil
93%
52 1967 - 2023 (except '75, '87, 2009, '20) Canada
93%
German
93%
38 1976 - 1977, 1987 - 2023 (except '20, '21) Japan
93%
18 1958 - 1960, 1984 - 1996, 2020 - 2021 Portugal
93%
78 1950 - 2023 United Kingdom
93%
37 1985 - 2023 (except '20, '21) Australia
89%
38 1964, 1970 - 1987, 1997 - 2003, 2014 - 2023 Austria
89%
Autódromo Hermanos Rodríguez
89%
20 2004 - 2023 (except '11) Bahrain
89%
Bahrain International Circuit
89%
16 2004 - 2019 China
89%
3 2011 - 2013 India
89%
22 1963 - 1970, 1986 - 1992, 2015 - 2023 Mexico
89%
Mexico City
89%
33 1952 - 1955 (except '54), 1958 - 1985 (except '72), 2021 - 2023 Netherlands
89%
1 2021, 2023 (planned) Qatar
89%
8 2014 - 2021 Russia
89%
60 1951, '54, '68 - '79, '81, 1986 - 2023 Spain
89%
20 1953 - 1960 (except '59), 1972 - 1981 (except '76), 1995 - 1998 Argentina
85%
63 1950 - 2022 (except '55, '17, '20) France
85%
38 1986 - 2023 Hungary
85%
3 2021 - 2023 Saudi Arabia
85%
23 1962 - 1985 (except '64, '66, '81), 1992 - 1993 South Africa
85%
Autodromo Internazionale Enzo e Dino Ferrari
81%
79 1951 - 2020 (except '55, '60, '07, '15, '17) Germany
81%
Italian
81%
Las Vegas
81%
Las Vegas Strip Circuit
81%
19 1999 - 2017 Malaysia
81%
Marina Bay Street Circuit
81%
Miami
81%
Miami International Autodrome
81%
Nürburgring
81%
San Marino
81%
13 2008 - 2023 (except '20, '21) Singapore
81%
14 2009 - 2023 (planned) United Arab Emirates
81%
7 2016 - 2023 (except '20) Azerbaijan
78%
Belgian
78%
British
78%
Korea International Circuit
78%
Silverstone Circuit
78%
6 1973 - 1978 Sweden
78%
5 1950 - 1954 Switzerland
78%
9 2005 - 2011, 2020 - 2021 Turkey
78%
Australian
74%
Austrian
74%
Autódromo José Carlos Pace
74%
Brazilian
74%
Canadian
74%
Chinese
74%
Circuit de Barcelona-Catalunya
74%
Dutch
74%
Hockenheimring
74%
Indian
74%
Japanese
74%
4 2010 - 2013 South Korea
74%
Spanish
74%
Abu Dhabi
70%
Baku City Circuit
70%
Circuit Gilles Villeneuve
70%
Circuit of the Americas
70%
Circuit Urbà de València
70%
European
70%
French
70%
Jeddah Corniche Circuit
70%
Portuguese
70%
Red Bull Ring
70%
Russian
70%
Saudi Arabian
70%
Albert Park Circuit
67%
Circuit Paul Ricard
67%
Circuit Zandvoort
67%
Emilia Romagna
67%
Hungarian
67%
Indianapolis 500
67%
Indianapolis Grand Prix
67%
Indianapolis Oval
67%
Losail International Circuit
67%
Malaysian
67%
Mexican
67%
Shanghai International Circuit
67%
Sochi Autodrom
67%
Suzuka International Race Course
67%
Hungaroring
63%
1 1958 Morocco
63%
Turkish
63%
Argentine
59%
Autódromo Internacional do Algarve
59%
Autodromo Internazionale del Mugello
59%
Buddh International Circuit
59%
Dallas
59%
Dallas Street Circuit
59%
Korean
59%
Luxembourg
59%
São Paulo
59%
Sepang International Circuit
59%
Styrian
59%
Swiss
59%
Yas Marina Circuit
59%
Adelaide Street Circuit
56%
Autódromo do Estoril
56%
AVUS Berlin
56%
Detroit
56%
Detroit Street Circuit
56%
Eifel
56%
Kyalami Grand Prix Circuit
56%
South African
56%
Swedish
56%
70th Anniversary
52%
Fuji Speedway
52%
Autódromo Oscar Alfredo Gálvez
48%
Brands Hatch
48%
Caesars Palace
48%
Circuit des 24 Heures du Mans
48%
Istanbul Park
48%
Autódromo Internacional Nelson Piquet
44%
Circuit de Nevers Magny-Cours
44%
Circuito de Jerez
44%
Donington Park
44%
Pacific
44%
Phoenix Street Circuit
44%
Circuit Zolder
41%
Long Beach Street Circuit
41%
Moroccan
41%
Pescara
41%
Pescara Circuit
41%
TI Circuit Aida
41%
Watkins Glen International
41%
Aintree
37%
Tuscan
33%
Circuit de Dijon-Prenois
30%
Reims-Gueux
30%
Scandinavian Raceway
30%
Sebring International Raceway
30%
Circuito del Jarama
26%
Mosport Park
26%
Prince George Circuit
26%
Ain-Diab Circuit
22%
Circuito da Boavista
22%
Zeltweg Airfield
22%
Circuit Bremgarten
19%
Circuit de Charade
19%
Circuit de Rouen-Les-Essarts
19%
Circuit Mont-Tremblant
19%
Montjuïc Street Circuit
15%
Nivelles-Baulers
15%
Riverside International Raceway
15%
Circuito de Monsanto
11%
Circuito de Pedralbes
11%
No matching quizzes found
Score Distribution
Percent of People with Each Score
Percentile by Number Answered
Your Score History
You have not taken this quiz